006520000a22001810004500090001300000245009800013044001300111041001400124690002600138690003700164690002000201651004400221700003000265100004000295942001300335773010500348999001700453 aSeriadas10aGastrópodos de la región subexerofítica de La Herrera, Mosquera, Cundinamarca. Colombia aColombia0 aEspañol aMicrohabitats9100598 aDescripción de especies915405 aMoluscos995403 4pColombiadCundinamarcamMosquera9927491 aLinares, Edgar L.91005991 aVera Ardila, Mónica Lucía92039 cARTICULO1 tRevista de la Academia Colombiana de ciencias exactas, físicas y naturalesh112q439-456d2005g29 c16326d16326